El origen musical de los animales-simbolos en la mitología y la escultura antiguas (Record no. 9332)
[ view plain ]
| 000 -CABECERA | |
|---|---|
| campo de control de longitud fija | 01118nam a2200277 a 4500 |
| 001 - NÚMERO DE CONTROL | |
| campo de control | BRL_520 |
| 005 - FECHA Y HORA DE LA ÚLTIMA TRANSACCIÓN | |
| campo de control | 20190320210800.0 |
| 008 - DATOS DE LONGITUD FIJA--INFORMACIÓN GENERAL | |
| campo de control de longitud fija | 270813s1946----sp-ag#####---#000-0#spa-# |
| 041 ## - CÓDIGO DE LENGUA | |
| Código de lengua del texto/banda sonora o título independiente | spa |
| 044 ## - CÓDIGO DEL PAÍS DE LA ENTIDAD EDITORA/PRODUCTORA | |
| Código MARC del país | spa |
| 050 #4 - SIGNATURA TOPOGRÁFICA DE LA BIBLIOTECA DEL CONGRESO | |
| Número de clasificación | ML3921 |
| Número de documento/Ítem | .S3 1946 |
| 100 1# - ENTRADA PRINCIPAL--NOMBRE DE PERSONA | |
| Nombre de persona | Schneider, Marius |
| 9 (RLIN) | 24176 |
| 245 10 - MENCIÓN DE TÍTULO | |
| Título | El origen musical de los animales-simbolos en la mitología y la escultura antiguas |
| Resto del título | ensayo histórico-etnográfico sobre la subestructura totemística y megalítica de las atlas culturas y su supervivencia en el folklore español |
| Mención de responsabilidad, etc. | Marius Schneider. |
| 260 ## - PUBLICACIÓN, DISTRIBUCIÓN, ETC. | |
| Lugar de publicación, distribución, etc. | Barcelona |
| Nombre del editor, distribuidor, etc. | Consejo Superior de Investigaciones Científicas |
| Fecha de publicación, distribución, etc. | 1946 |
| 300 ## - DESCRIPCIÓN FÍSICA | |
| Extensión | vii, 472 p. (p. 440-454 másica) |
| Otras características físicas | il., diagramas |
| Dimensiones | 24 cm. |
| Material acompañante/anejo | 12 laminas |
| 440 #0 - MENCIÓN DE SERIE/PUNTO DE ACCESO ADICIONAL--TÍTULO | |
| Título | Consejo Superior de Investigaciones Científicas. Instituto Espanñol de Musicología |
| Nombre de parte o sección de la obra | Monografías |
| Designación de volumen o secuencia | 1 |
| 9 (RLIN) | 24177 |
| 500 ## - NOTA GENERAL | |
| Nota general | Au586 |
| 500 ## - NOTA GENERAL | |
| Nota general | Tiene desprendido el lomo. |
| 500 ## - NOTA GENERAL | |
| Nota general | Incluye índice alfabético. |
| 650 14 - PUNTO DE ACCESO ADICIONAL DE MATERIA--TÉRMINO DE MATERIA | |
| Término de materia o nombre geográfico como elemento de entrada | Teoría |
| Subdivisión general | Música |
| 9 (RLIN) | 24178 |
| 650 14 - PUNTO DE ACCESO ADICIONAL DE MATERIA--TÉRMINO DE MATERIA | |
| Término de materia o nombre geográfico como elemento de entrada | Mitología |
| 9 (RLIN) | 9838 |
| 650 14 - PUNTO DE ACCESO ADICIONAL DE MATERIA--TÉRMINO DE MATERIA | |
| Término de materia o nombre geográfico como elemento de entrada | Totemismo |
| 9 (RLIN) | 24179 |
| 650 14 - PUNTO DE ACCESO ADICIONAL DE MATERIA--TÉRMINO DE MATERIA | |
| Término de materia o nombre geográfico como elemento de entrada | Folclor |
| 9 (RLIN) | 24180 |
| 902 ## - CATALOGADOR | |
| Iniciales | GRL |
| 942 ## - ELEMENTOS DE PUNTO DE ACCESO ADICIONAL (KOHA) | |
| Fuente del sistema de clasificación o colocación | Library of Congress Classification |
| Tipo de ítem Koha | Libros |
| Estado de retiro | Estado de pérdida | Estado dañado | No para préstamo | Localización permanente | Ubicación/localización actual | Fecha de adquisición | Número de inventario | Total de préstamos | Signatura topográfica completa | Código de barras | Fecha visto por última vez | Precio válido a partir de | Tipo de ítem Koha |
|---|---|---|---|---|---|---|---|---|---|---|---|---|---|
| El ejemplar forma parte de la colección y puede ser consultado según las políticas vigentes. | Biblioteca Centro de Estudios Ruth D. Lechuga | Biblioteca Centro de Estudios Ruth D. Lechuga | 27/08/2013 | Au586 | ML3921 .S3 1946 (Au586) | GRL00574 | 22/03/2019 | 22/03/2019 | Libros |